00278nam a2200109Ia 4500008004000000082001800040100000600058245002800064260005900092300000900151650000800160210210b1982 xxu||||| |||| 00| 0 eng d a378.0025 UNIV a- aUNIVERSITIES handbook . aNew Delhi.bAssociation of Indian Universities.,c1982 a1271 aAIU